000
00227nam a22000857a 4500
008
160705b xxu||||| |||| 00| 0 eng d
100
_9
2296
_a
Shiv Khera
245
_a
You Can Win
260
_a
India
_b
Macmillan Publishers India Ltd
_c
2013
999
_c
1977
_d
1977